000 00327nam a22001457a 4500
008 221101b ||||| |||| 00| 0 eng d
020 _a0716717573
041 _aeng
080 _a610.73
082 _a610.73
100 _a8
101 _aINF
245 _aHORMONES THE MESSENGERS OF LIFE
_cCRAPO LAWRENCE
942 _2udc
_cBK
999 _c58709
_d58709